| 000 | 00470nam a2200205Ia 4500 | ||
|---|---|---|---|
| 008 | 170918s9999 xx 000 0 und d | ||
| 020 | _a9781442428799 | ||
| 050 | _bV891 1982 | ||
| 100 | _aVoigt, Cynthia | ||
| 245 | _aDicey's song / | ||
| 245 | _cby Cynthia Voigt. | ||
| 260 | _aNew York : | ||
| 260 | _bAtheneum, | ||
| 260 | _c1982 | ||
| 300 | _a247 pages : | ||
| 300 | _billustrations ; | ||
| 300 | _c21cm. | ||
| 300 | _eTillerman cycle ; | ||
| 440 | _a2 | ||
| 999 |
_c343641 _d343641 |
||